Merck manual of medical information/ (Record no. 2806)
[ view plain ]
| 000 -LEADER | |
|---|---|
| fixed length control field | 00561nam a22001697a 4500 |
| 008 - FIXED-LENGTH DATA ELEMENTS--GENERAL INFORMATION | |
| fixed length control field | 160527b xxu||||| |||| 00| 0 eng d |
| 020 ## - INTERNATIONAL STANDARD BOOK NUMBER | |
| International Standard Book Number | 0911910352 |
| 082 ## - DEWEY DECIMAL CLASSIFICATION NUMBER | |
| Edition number | 2003 |
| Classification number | DC 616.22 |
| Item number | M54 |
| 245 ## - TITLE STATEMENT | |
| Title | Merck manual of medical information/ |
| Statement of responsibility, etc. | Robert Berkow, editor-in-chief. |
| 250 ## - EDITION STATEMENT | |
| Edition statement | 2nd Home Edition |
| 260 ## - PUBLICATION, DISTRIBUTION, ETC. (IMPRINT) | |
| Place of publication, distribution, etc. | New Jersey: |
| Name of publisher, distributor, etc. | Merck Research Laboratories, |
| Date of publication, distribution, etc. | c2003. |
| 300 ## - PHYSICAL DESCRIPTION | |
| Extent | xxxviii, 1907 pages; |
| Dimensions | 24 cm. |
| 500 ## - GENERAL NOTE | |
| General note | Includes appendices and index. |
| 650 #0 - SUBJECT ADDED ENTRY--TOPICAL TERM | |
| 9 (RLIN) | 9310 |
| Topical term or geographic name as entry element | Medicine, Popular |
| 700 ## - ADDED ENTRY--PERSONAL NAME | |
| 9 (RLIN) | 9311 |
| Personal name | Berkow, Robert |
| Relator term | Editor |
| 942 ## - ADDED ENTRY ELEMENTS (KOHA) | |
| Source of classification or shelving scheme | Dewey Decimal Classification |
| Koha item type | Circulation |
| Withdrawn status | Lost status | Source of classification or shelving scheme | Damaged status | Not for loan | Collection code | Home library | Current library | Date acquired | Source of acquisition | Total Checkouts | Full call number | Barcode | Date last seen | Date last checked out | Price effective from | Koha item type |
|---|---|---|---|---|---|---|---|---|---|---|---|---|---|---|---|---|
| Dewey Decimal Classification | Circulation | UM Digos College - LIC | UM Digos College - LIC | 04/10/2008 | Purchased | 1 | DC 616.22 M54 2003 | 19459 | 06/08/2021 | 02/05/2018 | 05/27/2016 | Circulation |
